| 000 | 00446nam a2200217Ia 4500 | ||
|---|---|---|---|
| 003 | IT-RoPAU | ||
| 008 | 120407s9999 xx 000 0 und d | ||
| 040 | _aIT-RoPAU | ||
| 040 | _cIT-RoPAU | ||
| 041 | _aita | ||
| 100 | _aAntonio Lanza | ||
| 245 | _aPrincipi di teologia morale. | ||
| 250 | _aRoma | ||
| 260 | _aStudium | ||
| 260 | _c1952 | ||
| 300 | _c22 cm | ||
| 490 | _v1 | ||
| 700 | _aP. Palazzini | ||
| 942 | _cBK | ||
| 999 |
_c23964 _d23964 |
||